Estudio practico de los impuestos y derechos 2017

Bibliographic Details
Main Author: Velz̀quez Melňdez, Vicente
Format: eBook
Language:Spanish
Published: Mx̌ico DF: Ediciones Fiscales ISEF, 2017
Subjects:
Online Access:Acceso restringido

MARC

LEADER 00000nam a22000007a 4500
005 20170924224711.0
007 cr|||| ||||
008 170924s2017 mx |||||s|||| 00||0 spa d
020 |a 978-607-406-868-9 
035 |a 20589 
040 |a vLex 
090 |c 6993  |d 6993 
100 1 |a Velz̀quez Melňdez, Vicente 
245 1 0 |a Estudio practico de los impuestos y derechos 2017  |h [Recurso electrn̤ico] /  |c Vicente Velz̀quez Melňdez 
256 |a Servicio en ln̕ea 
260 |a Mx̌ico DF:  |b Ediciones Fiscales ISEF,  |c 2017 
300 |a 1 recurso electrn̤ico 
500 |a Las Autoridades Hacendarias Locales enva̕n a los contribuyentes propuestas de pago, sin embargo es necesario que se verifiquen las cantidades que determinan dicahas autoridades; por lo tanto se requiere una gua̕ que nos auxilie en la forma en que se determinan las contribuciones. Para estos efectos, la obra Estudio Prc̀tico de los IMPUESTOS Y DERECHOS, detalla la determinacin̤ de la base y el cl̀culo de las contribuciones. 
506 1 |a Disponible solo en los productos indicados  |d vLex Global  |d vLex Global (Academic Edition, excluding Law Schools)  |d vLex Global (U.S. Academic Edition, Law Schools)  |d vLex Global (U.S. Academic Edition, excluding Law Schools)  |d vLex Global (Academic Edition, Law Schools) 
650 0 4 |a Derecho Fiscal  |z Mx̌ico 
740 0 |a vLex Libros (Servicio en ln̕ea) 
856 4 0 |u http://vlex.com/source/estudio-practico-de-los-impuestos-y-derechos-2017-20589  |z Acceso restringido 
942 |c BOOK 
999 0 |a Tax Law